000
00296nam a22001337a 4500
008
170821b xxu||||| |||| 00| 0 eng d
020
_a
9780534948788
041
_a
eng
080
_2
5TH
_a
51
100
_a
37
101
_a
MAT
245
_a
INTERMEDIATE ALGEBRA
_c
KAUFMANN,J,E
942
_2
udc
_c
BK
999
_c
24164
_d
24164